000 00290nam a2200109Ia 4500
001 1261140
005 20260417140346.0
008 260417s9999 xx 000 0 und d
020 _a9786253692391
245 0 _aEdebiyat Yazıları 2
_cAbdülhak Şinasi Hisar
260 _bEverest Yayınları
999 _c1261140
_d1261140